| 000 | 00691cam a2200217 4500 | ||
|---|---|---|---|
| 001 | D9911 | ||
| 008 | 080124s1984 xxk c e 00 deng | ||
| 035 | _a(Sirsi) u23270 | ||
| 041 | _aeng | ||
| 050 | 0 | 4 | _a920 $2 18 |
| 100 | 1 | _aWilloughby, Joan | |
| 245 | 0 | 2 |
_aA short history of the firm of Willoughby and Sons (established 1845) _k[typescript] |
| 260 |
_aBournemouth _bJoan Willoughby _c[1984] |
||
| 300 |
_a8 leaves _bill. _c30cm. |
||
| 520 | _aProvides a history of the firm, as well as some biographical information on staff members. | ||
| 610 | 2 | 4 |
_aWilloughby and Sons _95492 |
| 651 | 4 |
_aEngland _y886- |
|
| 690 | _aABOUT RICS-RICS MEMBERS | ||
| 942 | _n0 | ||
| 948 | _c04/03/1997 | ||
| 999 |
_c88369 _d88369 |
||